| 000 | 01518cam a2200229 4500 | ||
|---|---|---|---|
| 001 | ##L134566 | ||
| 008 | 060816n2006 000 0 eng u | ||
| 035 | _a(Sirsi) u134566 | ||
| 041 | 0 | _aeng | |
| 050 | 0 | 4 | _a630 $2 18 |
| 110 | 2 |
_aRoyal Institution of Chartered Surveyors _bPublic Affairs _94679 |
|
| 245 | 0 | 0 |
_aRICS rural land market survey Great Britain _bsecond quarter 2006 |
| 260 |
_aLondon _bRICS _c2006 |
||
| 490 | 0 |
_aRICS Rural Land Market Survey Great Britain _vSecond Quarter 2006 |
|
| 520 | _aShows the farmland market gathering momentum in the year to the second quarter with prices rising by 9% compared to 3% in the first quarter. Demand for residential and non-residential farmland has risen with the latter outpacing the former. The resolution of the Single Farm Payment issue has lead to an increase in available land on the market in both the residential and non-residential sectors. Sales rose by 77% in the first quarter with activity the highest since the third quarter 2001. Surveyors have made upward revisions to their expectations for commercial farmland prices and expectations on the residential side remain buoyant. | ||
| 590 | _aIKA220806 | ||
| 650 | 2 | 4 | _aRICS RURAL LAND MARKET SURVEY GREAT BRITAIN |
| 651 | _aGREAT BRITAIN | ||
| 690 | _aPROPERTY-RURAL AND NATURAL ASSETS-RURAL AND NATURAL ASSET MARKET | ||
| 856 | 4 | 0 |
_uhttps://www.rics.org/profession-standards/knowledge-and-information-services/document-delivery-and-o _zemail [email protected] to request a copy |
| 942 | _n0 | ||
| 999 |
_c105732 _d105732 |
||